000 01753cai a22002295a 4500
001 L139964
008 070823e20072307xxk g f000 0 eng d
035 _a(Sirsi) u139964
041 0 _aeng
050 0 4 _a386.1 $2 18
110 2 _aUnited Kingdom
_bParliament
_bHouse of Commons
_bEnvironment, Food and Rural Affairs Select Committee
_95328
245 0 0 _aEnvironment, Food and Rural Affairs seventh report
_bBritish waterways
260 _aLondon
_bUK Parliament
_c2007
490 0 _aHC
_v345-I
505 2 _aTerms of reference -- Report -- Summary --Introduction -- Improvements to British Waterways' network over the past decade -- Impact of recent grant reductions -- Funding levels in the comprehensive spending review 2007 period -- Changes to British Waterways' financial and regulatory framework -- Bristish Waterways' commercial activities -- Potential for growth in leisure use of the waterways network -- British Waterways' relationship with its users -- Bristish Waterways' partnership working -- British Waterways's relationship with government -- Conclusions and recommendations
520 _aExpresses concern at the implications of likely lower grant levels from 2008-09 to 2010-11 and on British Waterways' (BW) ability to maintain the waterways network to an acceptable standard. Recommends that BW and Defra work together closely to agree a settlement that ensures the long-term stability of the waterways network.
590 _aka
651 4 _aUnited Kingdom
_y
690 _aPROPERTY-INFRASTRUCTURE-TRANSPORT INFRASTRUCTURE-WATER TRANSPORT AND PROTECTION INFRASTRUCTURE
856 4 8 _uhttps://www.publications.parliament.uk/pa/cm/cmenvfru.htm
_zView the item free of charge at: www.publications.parliament.uk/...
942 _n0
999 _c107388
_d107388